Flag Emblems Quiz Stats

 Plays Quiz Updated Dec 9, 2012

Also try: Flags of Europe
Challenge
Share
Tweet
Score 0/30 Timer 08:00
19 Plays Today
% Correct
Israel
97.1%
Canada
97.1%
Brazil
82.1%
Cyprus
74.8%
Croatia
70.6%
Mexico
66.5%
Kenya
66.2%
Lebanon
65.9%
Albania
64.1%
India
55.2%
Bhutan
54%
Barbados
53.1%
Kosovo
48.6%
Iran
47.9%
Angola
43%
% Correct
Kyrgyzstan
38.8%
Ecuador
36.9%
Saint Vincent and the Grenadines
33.7%
Ethiopia
33.6%
Uganda
33.6%
Andorra
31.9%
Kazakhstan
31.8%
Lesotho
30.3%
Dominican Republic
28.9%
Moldova
28.9%
Montenegro
28.3%
Haiti
28.2%
San Marino
26.3%
Belize
23.7%
Egypt
22.9%

You're not logged in!

Compare scores with friends on all Sporcle quizzes.
Join for Free
OR
Log In

You Might Also Like...

Show Comments

Extras

Top Quizzes Today


Score Distribution

Your Account Isn't Verified!

In order to create a playlist on Sporcle, you need to verify the email address you used during registration. Go to your Sporcle Settings to finish the process.

Report this User

Report this user for behavior that violates our Community Guidelines.

Details: